Depeche Mode songs sung by Martin L Gore - Statistics

General Stats
  • This quiz has been taken 314 times
    133 since last reset
  • The average score is 17 of 27
Answer Stats
Album Initials Answer % Correct
Black Celebration AQOL A Question of Lust
95%
Ultra H Home
89%
Songs of Faith and Devotion J Judas
87%
Some Great Reward S Somebody
83%
Music for the Masses IWYN I Want You Now
82%
Violator BD Blue Dress
78%
Music for the Masses TTYS The Things You Said
74%
Songs of Faith and Devotion OC One Caress
70%
Some Great Reward IDM It Doesn't Matter
69%
Black Celebration IDMT It Doesn't Matter two
69%
Black Celebration S Sometimes
68%
Violator SP Sweetest Perfection
68%
Construction Time Again P Pipeline
66%
Speak and Spell ASN Any second now
57%
Black Celebration BD Black Day
57%
Black Celebration WFON World Full of Nothing
57%
Ultra TBL The Bottom Line
55%
Sounds of the Universe J Jezebel
54%
Memento Mori SWM Soul With me
54%
Playing the Angel M Macro
50%
Exciter C Comatose
47%
Spirit E Eternal
45%
Spirit F Fail
43%
Delta Machine TCI The Child Inside
42%
Exciter B Breathe
41%
Playing the Angel DP Damaged People
41%
Delta Machine A Always
39%
No matching quizzes found
Score Distribution
Percent of People with Each Score
Percentile by Number Answered
Your Score History
You have not taken this quiz since the last reset